Ciclo medio de matemática moderna. Quinto curso

Gespeichert in:
Bibliographische Detailangaben
1. Verfasser: Trejo, César Anselmo
Weitere Verfasser: Bosch, Jorge E.
Format: Buch
Sprache:Spanisch
Erschienen: Buenos Aires : 1973
Ausgabe:1ª ed.
Katalog:BNM:  Suchergebnis im Bibliothekskatalog
Schulbuchspezifische Eigenschaften:
Schriftenreihe:Biblioteca cultural. Textos del secundario / Matemática
Schlagworte:
Tags: Tag hinzufügen
Keine Tags, Fügen Sie den ersten Tag hinzu!
Hinzugefügt zu:27.07.1997
Geändert in:17.02.2022

MARC

LEADER 00000cam a22000004a 4500
003 AR-BaBNM
007 ta
008 970728s1973 ag ||||d |||||||||||spa|d
005 20220218001713.0
035 |a 000046007 
040 |a AR-BaBNM  |b spa 
080 |a 373.5 
100 1 |a Trejo, César Anselmo 
245 1 0 |a Ciclo medio de matemática moderna.  |n Quinto curso /  |c César Anselmo Trejo, Jorge E. Bo[s]ch 
250 |a 1ª ed. 
260 |a Buenos Aires :  |b Eudeba,  |c 1973 
300 |a xii, 334 p. :  |b diagr., il. 
490 0 |a Biblioteca cultural. Textos del secundario / Matemática 
500 |a Contiene ejercicios de aplicación 
650 4 |a Enseñanza de la matemática  |9 7755  |a Teoría de conjuntos.  |a Probabilidad.  |a Estadística  |9 7883  |a Educación secundaria  |9 7637 
655 4 |a Libros de texto 
700 1 |a Bosch, Jorge E. 
942 |2 udc  |c LIBRO 
999 |c 80039  |d 80039 
999 |c KOHA-OAI-TEST:80039  |d 80039